000 01596cam a22003131i 4500
003 SA-RiAUC
005 20250114071559.0
008 250112s2005 sy g 000 0 ara c
040 _akapl
_bara
_cSA-RiAUC
_erda
082 0 4 _a228.17
090 _a228.17
_bك ر م
100 1 _aالكرماني، محمد بن أبو نصر،
_dتوفي بعد 563 هجري
_eمؤلف.
245 1 0 _aقراءة الكسائي :
_bرواية أبي عمر الدوري عن طريق ابن مقسم /
_cتأليف رضي الدين أبي عبد الله محمد بن أبي نصر الكرماني ؛ تحقيق حاتم صالح الضامن.
250 _aالطبعة الأولى.
264 1 _aدمشق :
_bدار نينوي للدراسات والنشر والتوزيع،
_c2005
300 _a175 صفحة ؛
_c24 سم.
336 _aنص
_btxt
_2rdacontent
_3كتاب
337 _aبدون وسيط
_bn
_2rdamedia
338 _aمجلد
_bnc
_2rdacarrier
440 0 _aكتب القراءات
_v3
600 1 7 _aالكسائي، علي بن حمزة بن عبد الله،
_dتوفي 189 هجري
_2aucnm
630 2 7 _aالقرآن
_xقراءة الكسائي
_2aucut
630 2 7 _aالقرآن
_xقراءات
_2aucut
700 1 _aابن مقسم العطار، محمد بن الحسن بن يعقوب،
_d265-354 هجري
_eراوي.
700 1 _aحفص القارئ، حفص بن عمر بن عبد العزيز،
_dتوفي 246 هجري
_eراوي.
700 1 _aالضامن، حاتم صالح،
_d1938-2013
_eمحقق.
942 _2ddc
_cBOOK
_n0
949 _aSA-JeALM
_d250112
_umohamedma123
_n1
999 _c4727
_d4727